000 00734nam a22002537a 4500
003 0
005 20180804115700.0
008 0
010 _aB-119583
020 _c00.00
_a8178292351
035 _aB-119583, B-119584
037 _bCen Lib/Ret
040 _aDPL
_bEN
_c0
082 _a158.7
_bDAL
100 _aDalip Singh
_9100557
245 _aImotional intelligence at work :
_cby Dalip Singh
_ba professional guide /
250 _a2nd ed
260 _aNew Delhi
_bResponse Books
_c2005
270 _bNew Delhi
_aB-42 Panchsheel Encalve
_e110017
300 _a296p.
_c21cm(Hb)
650 _aPsychology
_9100558
650 _aPsychology -- Imotional Inteligence
_9100559
942 _2ddc
_cEN
_h158.7
_mDAL
999 _c136021
_d136021